01087 2200229 4500001002100000005001500021035002000036007000300056008004100059020002200100082001000122084001600132100003100148245011300179250000600292260004200298300004800340700003500388500037000423650004700793990001700840INLIS00000000000096020260505084828 a0010-0823000124ta260505 c 1 ind  a978-602-341-071-2 a567.9 a567.9 HAS t0 aHasna Nelfia ( Pengarang )1 aTriceratops :bSi Paras Bertanduk Tiga /cHasna Nelfia ; Ilustrasi, Sugeng Supriyadi,Editor, Syerif Nurhakim a- aJakarta :bBestari Buana Murni,c2016 a24 :bilus. ; gambar berwarna ;c20.5 cme-0 aSugeng Supriyadi ( Ilustrasi ) aTriceratops adalah hewan purba dengan tiga tanduk di mukanya. Tanduk itu berfungsi sebagai senjata saat bertarung dengan pemangsa atau saat menghadapi pengganggunya. Ia termasuk hewan herbivora yang gemar makan tumbuhan rendah. Ia lebih senang hidup dalam kelompok, karena dengan cara itulah para dinosaurus pemakan daging akan berpikir seribu kali untuk menyerang. 4aDinosaurus Fosil Reptil - bacaan anak-anak a00083/K/2019